00374 a2200121 450000100060000004000220000624000310002824500290005965000370008894200070012595201030013299900170023551181 cAnchieta - Pituba10aBaile de máscaras 2013l10aBaile de máscaras 2013 4aLínguas espanhola e portuguesa cMX 00104070a91.1b91.1d2023-11-21l0o460 C695 BAIp553/PITr2023-11-21 18:19:31w2023-11-21yMX c51181d51181